00510nam a2200157 a 450000100100000000500170001000800410002702000150006804000250008308200100010810000160011824500580013426000640019230000580025650000380031400000240720200929150207.0090702s1992 es af 001 0 spa d a8486168686 aDO-SdBNPbspacBNPHU aR934h1 aRuiz, Elisa10aHacia una semiología de la escritura /cElisa Ruiz. aMadrid :bFundación Germán Sánchez Ruipérez,c1992. a312 p.,[1]h., [16] p. de lam. :bil. ; lam. ;c26 cm. aIncluye notas al pie de páginas